00507nam a22001817a 450000500170000001000280001702000260004503500170007103500140008803700190010208200080012110000170012924500650014626000510021127000110026230000260027370000260029920170726102147.0 a1516EN07 ENG-119395 c295.00a9780674427846 aB-603798-802 aEN-102927 bAakar/venadpl a851 aBullhe, Shah aSufi lyrics /cby Bullhe Shah; edited by Christopher Shackle bMurty Classical Library of Indiac2015aLondon bLondon axxxv,443p.c18cm(pbk) aShackle, Christopher